000 01278nam0a2200301 4500
001 RU\NLR\bibl\27678
005 20250615021341.0
010 _a5-7433-0567-6
_9100
021 _aRU
_b99-4097
_9190
035 _a(NLR Aleph) 000026958
090 _a131344
_c131344
100 _a19990517d1999 |||y0rusy50 ca
101 0 _arus
102 _aRU
105 _a|||||||||||||
200 1 _aСоциальные и методологические основания дифференциации сельского населения
_fН.А. Султанов
_gМ-во общ. и проф. образования Рос. Федерации, Сарат. гос. техн. ун-т
210 _aСаратов
_cСарат. гос. техн. ун-т
_d1999
215 _a32 с.
_cсхем.
_d21
320 _aБиблиогр. в подстроч. примеч.
606 0 _aСельское население
_xСоциальная структура
_91620995
_3RU\NLR\auth\661013438
686 _aС73(2)-212
700 1 _aСултанов
_bН. А.
_gНаиль Абдуллович
_4070
801 0 _aRU
_bNLR
_c19990517
_gPSBO
801 1 _aRU
_bNLR
_c19990517
852 _aNLR
_j99-4/1919
942 _cBOOK
980 _aNB